|
|
|
|
| LEADER |
00789nam a2200193 i 4500 |
| 001 |
misc58015 |
| 005 |
20210603175352.0 |
| 008 |
210603s1926 hu o 0|| hun d |
| 040 |
|
|
|a SZTE Miscellanea Repozitórium
|b hun
|
| 041 |
|
|
|a hun
|
| 245 |
0 |
0 |
|a Dolgozatok
|h [elektronikus dokumentum] :
|b Rigler Gusztáv negyedszázados tanári működésének emlékére
|
| 260 |
|
|
|a Uj Nemzedék
|b Szeged, Magyarország
|c 1926
|
| 300 |
|
|
|a 653 p.
|c 24 cm
|
| 650 |
|
4 |
|a Orvos- és egészségtudomány
|
| 650 |
|
4 |
|a Egészségtudományok
|
| 650 |
|
4 |
|a Köz- és környezetegészségügy
|
| 650 |
|
4 |
|a Közegészségügy
|
| 695 |
|
|
|a Rigler Gusztáv, Orvostudomány - tanulmányok, Közegészségügy - Magyarország - tanulmányok
|
| 856 |
4 |
0 |
|u http://misc.bibl.u-szeged.hu/58015/1/xb_246964.pdf
|z Dokumentum-elérés
|